Statistics for H Cities

Click here to take the quiz!

General Stats

  • This quiz has been taken 27 times
  • The average score is 13 of 19

Answer Stats

CountryCity% Correct
CubaHavana
100%
VietnamHanoi
92%
FinlandHelsinki
92%
GermanyHamburg
88%
IsraelHaifa
83%
ZimbabweHarare
83%
VietnamHo Chi Minh City
79%
United States of AmericaHouston
79%
GermanyHannover
71%
CanadaHalifax
67%
Solomon IslandsHoniara
67%
IndiaHyderabad
63%
AustraliaHobart
58%
JapanHiroshima
54%
United States of AmericaHonolulu
54%
CanadaHamilton
42%
ChinaHong Kong
42%
ChinaHarbin
38%
North KoreaHamhung
8%

Score Distribution

Percentile by Number Answered

Percent of People with Each Score

Your Score History

You have not taken this quiz